000 00492nam a2200181Ia 4500
001 17192
005 20260306170407.0
008 260306t2015||||xx |||||||||||||| ||und||
041 _aESP
082 _a657.61
_bA32
100 _aAguilar Espinoza, Henry
_eAUT
245 0 _aNormas internacionales de información financiera:
_b200 casos prácticos de las NIC y NIIF
260 _c2015
300 _a998 páginas :
_c25 cm.
650 _aGEN
654 _aCCO
942 _cLIB
_dJUS
_fJUS
_2ddc
_n
999 _c17192
_d17192